I libri excusationum di erennio modestino
Сохранить в:
| Главный автор: | |
|---|---|
| Формат: | |
| Язык: | итальянский |
| Опубликовано: |
Nápoles
Jovene
1983
|
| Серии: | Pulblicazioni della Facolta Giuridica dell'Universita di Bari, 70
|
| Предметы: | |
| Метки: |
Добавить метку
Нет меток, Требуется 1-ая метка записи!
|
MARC
| LEADER | 00000nam a2200000 a 4500 | ||
|---|---|---|---|
| 001 | UCV2302 | ||
| 003 | CL-VaPUC | ||
| 008 | 920508e19830000IT |||||||||||||||||ita|d | ||
| 082 | 0 | 4 | |a 340.54 |b MAS |2 21 |
| 100 | |a Masiello, Tommaso |e autor |9 296572 | ||
| 245 | 1 | 2 | |a I libri excusationum di erennio modestino |
| 300 | |a 126 p | ||
| 942 | |c BK | ||
| 945 | |d 19920508 00:00:00 | ||
| 260 | |a Nápoles |b Jovene |c 1983 | ||
| 650 | 0 | |a Derecho romano |9 255930 | |
| 650 | 7 | |a LITERATURA JURIDICA |2 CL-VaPUC |9 257666 | |
| 583 | |a last modification |c 19920508 00:00:00 |k Rodrigo Vera | ||
| 490 | 0 | |a Pulblicazioni della Facolta Giuridica dell'Universita di Bari, 70 | |
| 999 | |c 209932 |d 209930 | ||
| 952 | |0 0 |1 0 |4 0 |6 340_540000000000000_MAS_1983 |7 0 |8 DER_ROM |9 185826 |a BIBDER |b BIBDER |d 2019-11-14 |i 2532662 |o 340.54 MAS 1983 |p 2532662 |r 2023-01-25 |w 2019-11-14 |x Ubicación 4to piso |y BK |z Este recurso debe solicitarse con anticipación |k DER | ||